00559nam a2200169 a 4500008004100000050002000041100001600061245004000077260005300117300001500170350000900185500002900194650001200223650002900235650003200264710009300296100211s1974 ||||||||||||||||| || u aGOV.TAN(08)TP/1 aSvare, T. I10aBetter burnt brickscBy T. I. Svare aDar-es-SalaambNational Housing (Tanzania)c1974 a36p.: ill. a0.00 aTechnical Pamphlet No. 1 aHOUSING aPUBLIC HOUSING--TANZANIA aHOUSING--RESEARCH--TANZANIA aGovernment of the Republic of Tanzania. Ministry of Lands, Housing and Urban Development